000 00689nam a2200229 a 4500
001 BRCA_1966
005 20190320203623.0
008 040929s1987 sp-a---###---#000-0#spa-d
020 _a8476002084 (Obra completa)
041 _aspa
_heng
050 4 _aN7740
_b.R57 1987
100 1 _aRipa, Cesare
_96031
245 1 0 _aIconología
_cCesare Ripa ; traducción Juan Barja ... [et al.].
260 _aMadrid, España
_bAkal
_c1987
300 _a2 v.
_bil.
_c24 cm.
440 0 _aArte y estética
_v8-9
_96032
500 _aIncluye índice de las cosas mas notables e índice alfabético (v.2)
650 1 4 _aEmblemas
_96033
700 1 _aBarja, Juan
_96034
902 _aREF
942 _2lcc
_cB
999 _c1735
_d1735